Análisis de la relación entre la DDJJ de salud, los aportes y el acceso a beneficios previsionales (Registro nro. 30217)

Detalles MARC
000 -LEADER
fixed length control field 00398 a2200109 4500
001 - CONTROL NUMBER
control field ART_63703
005 - DATE AND TIME OF LATEST TRANSACTION
control field 20260410161949.0
008 - FIXED-LENGTH DATA ELEMENTS--GENERAL INFORMATION
fixed length control field 260409a
100 1# - MAIN ENTRY--PERSONAL NAME
Personal name Blanco, Mariela
245 10 - TITLE STATEMENT
Title Análisis de la relación entre la DDJJ de salud, los aportes y el acceso a beneficios previsionales
773 0# - HOST ITEM ENTRY
Title Temas de derecho laboral
Related parts - Año 11, N° 11/12 (nov./dic. 2025)
Record control number REV27619

No hay ítems disponibles.